[Event "Winter Paracin-GM 2019"]
[Site "Paracin"]
[Date "2019.01.31"]
[Round "1"]
[White "Raja Rithvik R"]
[Black "Mahalakshmi D M"]
[Result "1/2-1/2"]
[WhiteElo "2431"]
[BlackElo "1145"]
[Annotator "TA"]
[PlyCount "75"]
[EventDate "2019.01.31"]
[EventType "tourn"]
[EventCountry "SRB"]
[SourceTitle "playchess.com"]
[Source "ChessBase"]
[SourceQuality "1"]

{[%evp 10,75,52,40,27,65,70,65,66,66,73,74,76,70,62,72,65,62,85,75,78,73,84,58,58,38,53,47,46,41,42,42,60,47,53,54,64,53,53,53,49,0,0,0,0,0,0,0,0,0,0,0,0,0,0,0,0,0,0,0,12,0,0,0,21,0,0,0]} 1. c4 Nf6 $146 (1... e5 2. Nc3 {½-½ (33) Banikas,H (2572)-Socko,B (2631) Beijing 2008}) ({Predecessor:} 1... e5 2. Nc3 {½-½ (21) Franco Ocampos,Z (2495)-Paglilla,C (2385) Zaragoza 1991}) 2. Nc3 e5 3. Nf3 Nc6 4. e3 d6 5. d4 Bg4 ({Predecessor:} 5... exd4 6. exd4 Bg4 {½-½ (21) Franco Ocampos,Z (2495)-Paglilla,C (2385) Zaragoza 1991}) 6. Be2 exd4 {A28: English Opening: Four Knights Variation} (6... Be7 7. h3 Bh5 8. d5 Nb8 9. e4 O-O 10. Be3 Bxf3 11. Bxf3 Nfd7 12. Qd2 h6 13. O-O Bg5 14. b4 b6 {½-½ (33) Banikas,H (2572)-Socko,B (2631) Beijing 2008}) 7. exd4 Be7 8. d5 Bxf3 {White is slightly better.} 9. Bxf3 Ne5 10. Be2 O-O 11. O-O Re8 12. Be3 Ng6 ({Predecessor:} 12... Bf8 13. Qd2 Ned7 {½-½ (21) Franco Ocampos,Z (2495)-Paglilla,C (2385) Zaragoza 1991}) 13. Qd2 Nd7 14. f4 Bf6 15. Rae1 a6 16. Kh1 Nc5 17. b4 Ne4 18. Nxe4 Rxe4 19. Bd3 Re7 20. Qc2 Qf8 21. g3 Rae8 22. Bf2 Rxe1 23. Rxe1 Rxe1+ 24. Bxe1 Bd4 25. Bf2 (25. Bf5 {seems wilder.} Bf6 26. a4 h5 27. Be4 Ne7 28. f5) 25... Bxf2 {The position is equal.} 26. Qxf2 Qe8 27. Bc2 b6 28. Kg2 Qe7 29. Bd3 Qd7 30. Bc2 Qe7 31. Bd3 Qd7 32. Qc2 Qg4 33. Kf2 Qh3 34. Kg1 Qg4 35. Kf2 Qh3 36. Kg1 Qg4 37. Be2 Qd7 38. Bd3 {Accuracy: White = 54%, Black = 78%.} 1/2-1/2

[Event "Winter Paracin-GM 2019"]
[Site "Paracin"]
[Date "2019.01.31"]
[Round "1"]
[White "Fenil, Shah"]
[Black "Savic, Miodrag R"]
[Result "0-1"]
[WhiteElo "2400"]
[BlackElo "2486"]
[Annotator "TA"]
[PlyCount "148"]
[EventDate "2019.01.31"]
[EventType "tourn"]
[EventCountry "SRB"]
[SourceTitle "playchess.com"]
[Source "ChessBase"]
[SourceQuality "1"]

{[%evp 19,148,10,12,7,24,0,20,13,17,0,24,7,44,48,51,0,45,0,0,-43,-27,-56,-56,-45,-54,-50,-42,-115,-121,-108,-108,-172,-174,-206,-214,-203,-198,-180,-95,-119,-22,-26,0,-28,-23,-116,-127,-191,0,-170,-109,-105,-94,-91,-107,-181,-176,-345,-335,-302,-244,-574,-315,-309,-315,-295,-258,-285,-245,-245,-245,-232,-235,-349,-322,-301,-284,-217,-60,-206,-53,-53,-53,-53,-53,-53,-53,-154,-52,-74,-70,-235,-235,-235,-223,-216,-216,-216,-216,-216,-213,-208,-208,-230,-216,-641,-312,-630,-630,-569,-467,-467,-451,-12849,-29948,-29946,-293,-11644,-2691,-29972,-29973,-29972,-29967,-29972,-29974,-29973,-29974,-29974,-29975,-29980,-29955]} 1. e4 e5 2. Nf3 Nc6 3. Bc4 ({Predecessor:} 3. Bb5 Nf6 4. d3 Bc5 5. O-O d6 6. c3 Bb6 7. Nbd2 O-O 8. h3 Ne7 9. Nc4 Ng6 10. Ba4 h6 11. Bc2 Re8 {1-0 (64) Klima,L (2396)-Sosna,J (2396) Czechia 2010}) 3... Bc5 4. d3 $146 (4. O-O Nf6 {1-0 (45) Antipov,M (2569)-Alekseev,E (2642) Berlin 2015}) 4... Nf6 5. O-O d6 6. c3 Bb6 7. Bb3 h6 (7... Ne7 8. Nbd2 O-O 9. Nc4 Ng6 10. h3 {1-0 (45) Antipov,M (2569)-Alekseev,E (2642) Berlin 2015}) 8. Nbd2 O-O 9. h3 Ne7 10. Nc4 Ng6 11. Re1 {C54: Giuoco Piano: 4 c3 Nf6, main lines with 5 d4 and 5 d3} (11. a4 c6 12. Nxb6 Qxb6 13. Be3 Qc7 14. a5 d5 15. exd5 Nxd5 16. Bc5 Re8 17. Re1 Bf5 18. Bc2 b6 19. axb6 axb6 20. Rxa8 Rxa8 {1-0 (45) Antipov,M (2569)-Alekseev,E (2642) Berlin 2015}) 11... Re8 12. Bc2 Be6 13. Nxb6 {The position is equal.} axb6 14. d4 c5 ({Predecessor:} 14... Qe7 15. a3 Nh7 {1-0 (64) Klima,L (2396)-Sosna,J (2396) Czechia 2010}) 15. a3 Qc7 16. Be3 Bd7 17. Nd2 (17. Rc1 $14) 17... b5 18. dxc5 dxc5 19. b4 c4 20. a4 bxa4 21. Bxa4 Bxa4 22. Rxa4 b5 23. Ra1 ({Better is} 23. Rxa8 $15 Rxa8 24. Nf1) 23... Rxa1 $17 24. Qxa1 Qc6 25. Qb1 (25. Rd1 $17) 25... Rd8 $19 26. Qc2 Rd3 27. f3 Nh5 28. Nf1 Ngf4 (28... Nhf4 $19 29. Qb2 Qf6) 29. Kh2 $17 Qf6 (29... Qd7 $17) 30. Rd1 $1 $11 Qd6 31. Rd2 Qa6 $36 {[%mdl 2048] White is under pressure.} 32. Rd1 (32. Qc1 $11) 32... Qa3 $17 33. Rc1 (33. Rxd3 $17 {might work better.} cxd3 34. Qd2) 33... Rd6 $2 (33... Kh7 $19 34. h4 Kg8) 34. Bc5 $2 (34. g4 $1 $11 {and White stays safe.}) 34... Rg6 (34... Ra6 $1 $19 35. Rd1 Qb3) 35. g4 Nf6 36. Rd1 Nd3 37. Bg1 {[#]} (37. Ne3 $17) 37... Nh7 $1 $19 38. Rxd3 $2 (38. Kg3) 38... cxd3 39. Qxd3 {With the idea Qd8+.} Ng5 40. Nd2 $2 (40. h4 Ne6 41. Be3) 40... Rf6 41. h4 Ne6 42. Be3 Qc1 43. Kg2 Qe1 44. Nf1 Nf4+ ({Don't take} 44... Qxh4 45. Qxb5 h5 46. Qb8+ Kh7 47. Qxe5) 45. Bxf4 exf4 ({Don't do} 45... Rxf4 46. h5) 46. Qxb5 (46. Qd2 {keeps fighting.} Qxd2+ 47. Nxd2) 46... Qxc3 {[%mdl 4096] Endgame KQR-KQN} 47. g5 Qc2+ 48. Kg1 {[#]} hxg5 $2 (48... Rc6 $1 $19 {...Qc3 is the strong threat.} 49. Qe5 hxg5 50. hxg5 Qc4) 49. hxg5 (49. Qb8+ $15 Kh7 50. hxg5) 49... Rg6 $2 (49... Rc6 $19 50. Qb7 Rc8) 50. Qb8+ $15 {[%mdl 64] Double Attack} Kh7 51. Qxf4 Qc8 {Hoping for ...Qd8.} 52. Kf2 Qb7 53. Ng3 (53. Qf5 $15) 53... Qe7 ({Black should play} 53... Qxb4 $17 {aiming for ...Qc5+.} 54. Qe3 Ra6) 54. Nf5 Qxb4 {White must now prevent ...f6.} 55. Nh4 $2 (55. Kf1 $15) 55... Qc5+ $19 {[%mdl 64] Double Attack} 56. Qe3 Qxe3+ ({Worse is} 56... Qxg5 57. Nxg6 Qxe3+ 58. Kxe3 $11) 57. Kxe3 Rxg5 {KR-KN} 58. Kf4 Rg1 {( -> ...g5+)} 59. Nf5 g6 60. Nd6 Kg7 61. e5 Kf8 62. Ke4 $2 (62. Nb5) 62... Re1+ (62... Ke7 $142 63. Nb5 Re1+ 64. Kf4 Ke6 65. Nc7+ Ke7) 63. Kd5 $2 (63. Kf4) 63... Rd1+ 64. Ke4 Ke7 65. Nb5 Re1+ 66. Kd5 (66. Kf4 $142) 66... f6 67. f4 Rd1+ $2 (67... f5 {mates} 68. Nd4 Rf1 69. Nc6+ Ke8 70. Nd4 Rxf4 71. Ne6 Rf3 72. Ng5 Rg3 73. Nh7 Ke7 74. Nf6 Ra3 75. Ng8+ Kf7 76. Nf6 Ra5+ 77. Kd4 g5 78. Nh5 g4 79. Ke3 Ra3+ 80. Kf2 Ke6 81. Nf6 Kxe5 82. Nd7+ Kd4 83. Nf6 g3+ 84. Kg2 f4 85. Kh3 Ra2 86. Ng4 g2 87. Kh2 Ke4 88. Nh6 f3 89. Ng8 Ra6 90. Nf6+ Rxf6 91. Kg1 Rh6 92. Kf2 Rh1 93. Kg3 g1=Q#) 68. Nd4 $2 (68. Ke4) 68... f5 69. e6 Kf6 {Black mates.} 70. Kc5 Rd3 71. e7 Kxe7 72. Nc6+ Ke6 73. Nd4+ Kf6 74. Kd5 Re3 {Accuracy: White = 28%, Black = 54%.} 0-1

[Event "Winter Paracin-GM 2019"]
[Site "Paracin"]
[Date "2019.01.31"]
[Round "1"]
[White "Oglaza, Oskar"]
[Black "Lazic, Miroljub"]
[Result "1/2-1/2"]
[WhiteElo "2320"]
[BlackElo "2458"]
[Annotator "TA"]
[PlyCount "75"]
[EventDate "2019.01.31"]
[EventType "tourn"]
[EventCountry "SRB"]
[SourceTitle "playchess.com"]
[Source "ChessBase"]
[SourceQuality "1"]

{[%evp 18,75,36,48,34,17,18,17,28,32,14,0,0,-25,-25,-31,-41,-30,-32,-20,-20,-52,-4,-13,-3,-29,-28,-49,-32,-20,-30,-16,-32,-25,-10,-28,-24,-40,-40,-63,-14,-10,-10,-14,0,0,0,0,11,0,0,0,0,0,0,0,0,0,0,0]} 1. e4 d6 2. d4 Nf6 3. Nc3 e5 4. Nf3 Nbd7 5. Bc4 Be7 6. O-O (6. a4 O-O 7. O-O a5 8. Re1 {½-½ (20) Mosadeghpour,M (2518)-Kuzubov,Y (2695) Amol 2018}) 6... O-O 7. Re1 c6 8. a4 a5 9. h3 exd4 10. Qxd4 Nc5 {C41: Philidor Defence} 11. Be3 (11. Bf4 Ne6 12. Bxe6 Bxe6 13. Rad1 Ne8 14. Qe3 Bd7 15. Nd2 Qb8 16. Nc4 Be6 17. Nd5 cxd5 18. exd5 b5 19. axb5 Qxb5 20. Qb3 {½-½ (20) Mosadeghpour,M (2518)-Kuzubov,Y (2695) Amol 2018}) 11... Ncxe4 12. Nxe4 {[#] Hoping for Bg5.} d5 13. Nxf6+ Bxf6 {[#]} 14. Qc5 $146 ({Predecessor:} 14. Qf4 dxc4 15. Bc5 Re8 16. Bb6 Rxe1+ 17. Rxe1 Qf8 18. Bc5 Qd8 19. Bb6 Qf8 20. Ne5 Be6 21. c3 Qd6 22. Qe3 Bxe5 {½-½ (22) Mamedov,N (2519)-Llorente Zaro,A (2367) Sort 2006}) 14... Be7 15. Qb6 {Threatens to win with Bd3.} dxc4 16. Rad1 Qxb6 17. Bxb6 Ra6 {White must now prevent ...Bb4.} 18. Bc7 Bf6 19. Nd4 c5 20. Nb5 Bf5 ({Reject} 20... Bxb2 $6 21. Bd6 $16) 21. Rd2 h5 22. Rde2 Re6 23. Rxe6 Bxe6 24. c3 Rc8 25. Rd1 g6 26. Rd6 Be7 27. Rd2 Bf5 28. Re2 Bf6 29. Bxa5 {The position is equal.} Ra8 30. Bb6 Bd3 31. Nc7 Rxa4 32. Re8+ Kg7 33. Bxc5 Ra1+ 34. Kh2 Ra5 35. Bd6 g5 36. Rb8 Be4 37. Ne8+ Kg6 38. Nxf6 {Accuracy: White = 53%, Black = 70%.} 1/2-1/2

[Event "Winter Paracin-GM 2019"]
[Site "Paracin"]
[Date "2019.02.01"]
[Round "2"]
[White "Savic, Miodrag R"]
[Black "Djordjevic, Vuk"]
[Result "1-0"]
[WhiteElo "2486"]
[BlackElo "2408"]
[Annotator "TA"]
[PlyCount "157"]
[EventDate "2019.01.31"]
[EventType "tourn"]
[EventCountry "SRB"]
[SourceTitle "playchess.com"]
[Source "ChessBase"]
[SourceQuality "1"]

{[%evp 9,157,10,10,0,-1,-21,-18,-22,-27,-39,-27,-39,-23,-20,-20,-47,-44,-48,-43,-50,-34,-34,-33,-25,-27,-47,-16,-16,-6,-9,-11,-17,8,6,17,-11,-3,-3,-3,-3,-3,-7,-6,-5,0,-7,0,-18,-12,-13,-11,-25,-25,-20,-18,-20,-33,-25,-17,-20,-17,-17,-24,-12,-14,-27,-17,-34,0,0,0,-31,0,0,6,0,0,0,0,0,0,0,0,0,18,18,88,88,88,89,191,181,438,715,1059,826,1236,1183,1297,1309,1285,1277,970,1247,1247,1178,1056,1183,1004,0,940,931,910,701,668,461,1150,1150,1060,1048,1004,961,844,826,812,812,4641,4634,29966,29967,29976,29977,29976,29976,29977,29978,29981,29982,29983,29984,29986,29987,29987,29988,29988,29989,29989,29990,29990,29991]} 1. e4 e6 2. d4 ({Predecessor:} 2. d3 d5 3. Nd2 Nf6 4. Ngf3 Bc5 5. e5 Nfd7 6. d4 {0-1 (30) Braun,C (2296)-Zaragatski,I (2469) playchess.com INT 2008}) 2... d5 3. Nd2 Be7 4. Ngf3 Nf6 5. e5 Nfd7 6. Nb3 $146 {C03: French Tarrasch: Unusual Black 3rd moves} (6. Bd3 c5 7. c3 b6 8. Qe2 a5 9. a4 Ba6 10. Bb5 O-O 11. O-O Qc8 12. Nb1 Nc6 13. Na3 Qb7 14. Bg5 Bxg5 15. Nxg5 {0-1 (50) Ragger,M (2687)-Popov,V (2532) Skopje 2018}) 6... b6 7. c4 ({Predecessor:} 7. c3 c5 8. h4 O-O 9. Bg5 f6 10. exf6 Nxf6 11. Bd3 c4 12. Bxf6 gxf6 13. Rh3 cxd3 14. Qxd3 {0-1 (30) Braun,C (2296)-Zaragatski,I (2469) playchess.com INT 2008}) 7... Bb7 8. Be3 {The position is equal.} O-O 9. Be2 dxc4 10. Bxc4 Bb4+ 11. Bd2 Bxd2+ 12. Nbxd2 c5 13. dxc5 Nxc5 14. O-O Nc6 15. Rc1 Qe7 16. Qe2 Rfd8 17. Qe3 Rac8 18. a3 Nd7 19. Nb3 Nf8 20. Bd3 Nb8 21. Rxc8 Rxc8 22. Be4 Bxe4 23. Qxe4 Qd7 24. h4 h6 25. Nbd4 Ng6 26. Rd1 a6 27. Rd2 Ne7 28. Ne2 Qc6 29. Qd4 Nd5 30. Nf4 {[%cal Rf4d5]} Qc1+ 31. Kh2 Rc4 32. Ne2 Rxd4 33. Nxc1 Rc4 34. Ne2 Nd7 35. Nc3 Nxc3 36. Rxd7 $11 {[%mdl 4096] Endgame KRN-KRN} Ne4 37. Rd8+ Kh7 38. Rd7 Kg8 39. Rd8+ Kh7 40. Rd7 Nxf2 41. Rxf7 Nd3 42. Rb7 b5 43. Rb6 Rc2 44. Kg3 Rxb2 45. Rxa6 Ra2 46. Ra5 b4 47. axb4 {[%mdl 64] [#] Discovered Attack} Nxb4 (47... Rb2 $11) 48. Rxa2 $16 Nxa2 $11 {KN-KN} 49. Nd4 Nb4 (49... Kg6 $16) 50. Nxe6 $18 Nd3 $2 (50... Kg6 51. Kf4 Nd5+ 52. Ke4 Nc3+ 53. Kd4 Ne2+ 54. Ke3 Ng3) 51. Nf8+ Kg8 {[#]} 52. Ng6 $1 Kf7 53. h5 Nc5 54. Nf4 Nb3 55. Kf3 Nd2+ 56. Ke3 Nf1+ 57. Ke4 Ng3+ 58. Kf3 Nf1 59. Ke4 Ng3+ 60. Kd5 Ke7 61. Kd4 Kd7 62. Ke3 Ke8 (62... Nf1+ $142 63. Ke4 Ng3+ 64. Kf3 Nf5) 63. Kf3 Nf1 64. Nd5 Kf7 65. Kf4 Ke6 66. Nc7+ Kf7 67. e6+ Kf6 68. Ne8+ Kxe6 69. Nxg7+ {White mates.} Kf6 70. Nf5 Nd2 71. Nxh6 Nc4 72. g4 Nb6 73. g5+ Ke6 74. g6 Kf6 75. Ng4+ Kg7 76. Kg5 Nd5 77. h6+ Kf8 78. Ne5 Ne7 79. Nf7 {Accuracy: White = 69%, Black = 45%.} 1-0

[Event "Winter Paracin-GM 2019"]
[Site "Paracin"]
[Date "2019.02.01"]
[Round "2"]
[White "Lajthajm, Borko"]
[Black "Fenil, Shah"]
[Result "1/2-1/2"]
[WhiteElo "2431"]
[BlackElo "2400"]
[Annotator "TA"]
[PlyCount "101"]
[EventDate "2019.01.31"]
[EventType "tourn"]
[EventCountry "SRB"]
[SourceTitle "playchess.com"]
[Source "ChessBase"]
[SourceQuality "1"]

{[%evp 15,101,-29,0,-31,-27,-28,-29,-27,-18,-16,-16,-25,-25,-30,-39,-37,-37,-51,7,12,7,21,17,12,92,96,62,0,0,-95,-73,-158,-153,-147,0,-191,-210,-188,-188,-209,-200,-470,-464,-495,-266,-266,-263,-401,-400,-404,-400,-391,-370,-452,0,0,0,0,0,0,0,-19,0,-246,-246,-247,-187,-194,-101,-123,-164,-186,-101,-103,-110,-155,-163,-178,-101,-178,-179,-189,-189,-189,-101,-189,-101,-189]} 1. d4 d5 2. c4 e6 $146 (2... c6 3. Nf3 e6 {½-½ (35) Sochor,F (2475)-Berlinger,G (2496) ICCF email 2013}) ({Predecessor:} 2... c6 3. Nc3 {1-0 (33) Meyer,J (2345)-Passov,A (2275) Arlington 1998}) 3. Nc3 c6 4. Nf3 dxc4 5. a4 ({Predecessor:} 5. e3 b5 6. a4 {1-0 (33) Meyer,J (2345)-Passov,A (2275) Arlington 1998}) 5... Bb4 6. e3 b5 7. Ne5 (7. Bd2 a5 8. Ne5 {½-½ (35) Sochor,F (2475)-Berlinger,G (2496) ICCF email 2013}) ({Predecessor:} 7. Bd2 a5 8. Ne5 {1-0 (33) Meyer,J (2345)-Passov,A (2275) Arlington 1998}) 7... Nf6 8. Bd2 a5 9. axb5 {D31: Queen's Gambit Declined: Semi-Slav without ...Nf6 (+ Marshall Gambit and Noteboom) and Exchange Variation lines without ...Nf6} (9. Qf3 $5 {[%cal Ra4b5]} Bxc3 10. Bxc3 $11) (9. Qf3 Ra7 10. axb5 Bxc3 11. Bxc3 cxb5 12. Qg3 O-O 13. Nxc4 Ba6 14. Bxa5 Qe7 15. Nd2 Bb7 16. Bxb5 Rxa5 17. Rxa5 {½-½ (35) Sochor,F (2475)-Berlinger,G (2496) ICCF email 2013}) 9... Bxc3 $1 10. Bxc3 cxb5 11. b3 {Black has an edge.} Bb7 {White must now prevent ...b4.} 12. bxc4 b4 13. Bb2 O-O 14. Bd3 Nbd7 15. Nxd7 Qxd7 16. d5 Qe7 {[#]} (16... Qd8 $15) 17. d6 $1 $11 {[%cal Rd6e7][%mdl 512]} Qd8 $1 (17... Qxd6 18. Bxh7+) 18. O-O Bc6 19. Bc2 Re8 (19... a4 $11 {keeps the balance.}) 20. f4 Nd7 21. Qg4 (21. Bd4 $14) 21... f6 22. Bd4 (22. c5 $11) 22... a4 $1 $17 23. c5 (23. Qh5 $142 f5 24. c5) 23... b3 $1 {[%cal Rb3c2]} 24. Bd3 Ra5 (24... a3 $17 25. Bc4 {[%mdl 64] Double Attack} b2) 25. Rac1 $2 (25. Qh5 $11 f5 26. Rfc1) 25... a3 $19 26. Bc4 b2 $36 {[%mdl 2048] Black is on the roll.} 27. Bxe6+ Kh8 28. Rcd1 $2 (28. Rc2 {is the only way for White.}) 28... Nxc5 29. Bf5 Be4 (29... Bd7 $142 30. Bxc5 Bxf5 31. Qxf5 a2) 30. Bxe4 Rxe4 31. Qf5 {[#]} (31. Qe2 $142) 31... Rxd4 $1 {[%mdl 576] Promotion} 32. exd4 (32. Rxd4 a2) 32... a2 33. dxc5 {Strongly threatening Ra1.} a1=Q 34. d7 b1=Q $2 ({Less strong is} 34... Qa3 35. Rfe1 $17) ({Better is} 34... g6 $19 35. Qc2 b1=Q $1 {[%mdl 576] Deflection} 36. Rxb1 Qd4+ {[%mdl 64] Double Attack} 37. Kh1 Q8xd7) 35. Qxb1 $11 Qxb1 36. Rxb1 Rxc5 37. Rfd1 {Hoping for Rb8!} h5 38. Rb3 Rc7 {[#]} 39. Rbd3 $2 (39. Rb8 $1 $11 {[%mdl 512] and White has nothing to worry.} Qxb8 40. d8=Q+ Qxd8 41. Rxd8+ Kh7 42. Rd5) 39... Kh7 40. Rd4 f5 41. h3 h4 (41... Kg8 $19 {aiming for ...g6.} 42. Kh2 Ra7) 42. Kh1 Ra7 43. Rd5 g6 ({Black should try} 43... Kh8 $19 44. Kh2 Kg8) 44. Rd6 Kg7 45. R6d4 Kf7 46. Kg1 Rc7 ({Black should play} 46... Rb7 $19 {And now ...g5 would win.} 47. Rd6 Rb6 48. Rxb6 Qxb6+ 49. Kf1 Qd8) 47. Kh1 (47. Rb1 $17) 47... Rb7 $19 48. Rd5 Ra7 49. R5d4 Rc7 (49... Kf8 $19 50. Rd6 Kf7) 50. Kg1 (50. Ra1 $17) 50... Kg7 (50... Kg8 $19 {...Kf8 is the strong threat.} 51. Rd6 Kf8) 51. Kh1 {Accuracy: White = 38%, Black = 38%.} (51. Rb4 $17 {might work better.}) 1/2-1/2

[Event "Winter Paracin-GM 2019"]
[Site "Paracin"]
[Date "2019.02.01"]
[Round "2"]
[White "Mendonca, Leon Luke"]
[Black "Oglaza, Oskar"]
[Result "1/2-1/2"]
[WhiteElo "2350"]
[BlackElo "2320"]
[Annotator "TA"]
[PlyCount "48"]
[EventDate "2019.01.31"]
[EventType "tourn"]
[EventCountry "SRB"]
[SourceTitle "playchess.com"]
[Source "ChessBase"]
[SourceQuality "1"]

{[%evp 22,48,-14,-29,-10,-15,-15,-2,0,-1,7,0,5,0,0,0,0,0,0,0,0,0,0,0,0,0,0,-4,-2]} 1. d4 Nf6 2. c4 ({Predecessor:} 2. Nf3 g6 3. c4 Bg7 4. Nc3 {½-½ (40) Denker,A-Stoutenborough,R Lone Pine 1972}) 2... g6 3. Nc3 d5 4. Nf3 $146 (4. e3 Bg7 5. Nf3 O-O 6. cxd5 {0-1 (29) Nezad,H (2365)-Hansen,E (2584) Dubai 2014}) 4... Bg7 5. cxd5 Nxd5 6. e3 O-O 7. Bc4 Nxc3 8. bxc3 c5 9. O-O Qc7 10. Qe2 b6 ({Predecessor:} 10... Nc6 11. a4 {½-½ (40) Denker,A-Stoutenborough,R Lone Pine 1972}) 11. a4 Nc6 12. Ba3 Bb7 {D94: Grünfeld: 4 Nf3 Bg7 5 e3} 13. Ba6 {The position is equal.} (13. Rfc1 Na5 14. Ba2 Rfd8 15. e4 e6 16. Rab1 Bc6 17. dxc5 Bxa4 18. cxb6 axb6 19. Nd4 Nb7 20. g3 {0-1 (29) Nezad,H (2365)-Hansen,E (2584) Dubai 2014}) 13... Bxa6 14. Qxa6 Rfd8 ({Predecessor:} 14... Na5 15. Rab1 c4 16. Nd2 Rac8 17. Bb4 Nb7 18. a5 Rfe8 19. Qxa7 Nxa5 20. Qxc7 Rxc7 21. Bxa5 bxa5 {½-½ (40) Denker,A-Stoutenborough,R Lone Pine 1972}) 15. dxc5 Bxc3 16. Rac1 Bb4 17. cxb6 Qxb6 18. Rxc6 Qxa6 19. Rxa6 Bxa3 20. Nd4 Rd6 21. Nc6 Kf8 22. Rxa7 Rxa7 23. Nxa7 Ra6 24. Nb5 Bb2 1/2-1/2

[Event "Winter Paracin-GM 2019"]
[Site "Paracin"]
[Date "2019.02.02"]
[Round "3"]
[White "Lazic, Miroljub"]
[Black "Mendonca, Leon Luke"]
[Result "1/2-1/2"]
[WhiteElo "2458"]
[BlackElo "2350"]
[Annotator "TA"]
[PlyCount "41"]
[EventDate "2019.01.31"]
[EventType "tourn"]
[EventCountry "SRB"]
[SourceTitle "playchess.com"]
[Source "ChessBase"]
[SourceQuality "1"]

{[%evp 20,41,32,0,15,0,27,27,26,20,17,0,2,7,35,-6,10,0,31,0,0,0,26,0]} 1. g3 g6 2. Bg2 Bg7 3. d4 d5 4. Nf3 Nf6 5. c4 c6 6. b3 O-O 7. O-O Bf5 8. Bb2 a5 9. Nbd2 Nbd7 {D78: Fianchetto Grünfeld: 6 0-0 c6} 10. Nh4 (10. a3 Qb8 11. Rc1 Rd8 12. e3 Ne4 13. Qe2 Nxd2 14. Nxd2 Nf6 15. h3 Be6 16. Rfd1 h5 {1-0 (62) Howell,D (2676)-Motylev,A (2675) London 2017}) 10... Be6 11. Qc2 {LiveBook: 6 Games} b5 {The position is equal.} 12. Rac1 $146 ({Predecessor:} 12. e3 a4 13. Ba3 bxc4 14. bxc4 c5 15. Nhf3 Rc8 16. Rac1 dxc4 17. Rfd1 Qc7 18. Qb1 Rb8 19. Qc2 Rbc8 20. Qb1 Rb8 21. Qc2 Rbc8 {½-½ (21) Bogdanov,S-Kuitert,C ICCF email 2015}) 12... Qb6 13. c5 Qc7 14. a3 Nh5 15. Bf3 Nhf6 16. Rfe1 Rae8 17. b4 a4 18. Bg2 Nh5 19. Bf3 Nhf6 20. Bg2 Nh5 21. Bf3 {Precision: White = 34%, Black = 46%.} 1/2-1/2

[Event "Winter Paracin-GM 2019"]
[Site "Paracin"]
[Date "2019.02.02"]
[Round "3"]
[White "Djordjevic, Vuk"]
[Black "Lajthajm, Borko"]
[Result "0-1"]
[WhiteElo "2408"]
[BlackElo "2431"]
[Annotator "TA"]
[PlyCount "114"]
[EventDate "2019.01.31"]
[EventType "tourn"]
[EventCountry "SRB"]
[SourceTitle "playchess.com"]
[Source "ChessBase"]
[SourceQuality "1"]

{[%evp 9,114,33,25,8,8,-2,16,5,25,27,45,36,63,14,63,52,59,59,82,81,60,34,96,-14,-7,-29,-38,-27,-25,-32,-25,-49,-45,-41,-33,-61,-74,-69,-52,-64,-47,-47,-54,-97,-86,-134,-66,-190,-86,-123,-100,-131,-133,-199,-135,-137,-133,-129,-133,-214,-210,-271,-271,-263,-259,-275,-265,-587,-527,-572,-516,-599,-591,-733,-724,-910,-939,-917,-910,-884,-900,-900,-879,-816,-854,-775,-763,-741,-731,-745,-556,-563,-556,-816,-12616,-9500,-812,-8117,-6544,-29966,-29966,-29970,-29973,-29976,-29977,-29977,-29974]} 1. d4 (1. e4 d6 2. d4 Nf6 3. Nc3 e6 {0-1 (30) Luukkonen,T (2320)-Nabaty,T (2670) Stockholm 2018}) 1... Nf6 2. Bg5 e6 3. e4 d6 4. Nc3 Nbd7 $146 (4... Be7 5. h4 a6 6. Qf3 h6 7. Bxf6 Bxf6 8. O-O-O Bxh4 9. g3 Bg5+ 10. Kb1 b5 11. e5 Ra7 12. d5 O-O {0-1 (30) Luukkonen,T (2320)-Nabaty,T (2670) Stockholm 2018}) ({Predecessor:} 4... Be7 5. f4 {1-0 (46) Huch,R (2161)-Hackbarth,W (2157) Austria 1999}) 5. f4 Be7 6. Nf3 {B07: Pirc Defence: Miscellaneous Systems} h6 7. Bxf6 Nxf6 8. Bd3 {The position is equal.} c6 9. Qd2 ({Predecessor:} 9. Qe2 Qa5 10. O-O Bd7 11. a3 Qh5 12. Rae1 O-O-O {1-0 (46) Huch,R (2161)-Hackbarth,W (2157) Austria 1999}) 9... b5 10. O-O Qb6 11. Kh1 (11. e5 $5 {[%cal Re5f6]} Nd5 12. a4 $14) 11... a6 12. e5 Nd5 13. Ne4 c5 14. c4 bxc4 15. Bxc4 Bb7 (15... O-O $14) 16. dxc5 (16. f5 $16) 16... dxc5 $11 17. Ng3 Qb4 18. Qc1 g6 19. a3 Qb6 20. Ne4 Rd8 21. Nc3 Kf8 22. Qd2 Kg7 23. Rad1 Nc7 24. Qe2 Rxd1 25. Rxd1 Bc6 26. Bd3 Rd8 27. Rd2 Qb3 ({Black should play} 27... Qb7 $17 28. Rd1 Bxf3 29. gxf3 Rd4) 28. Ne1 ({White should try} 28. Bc4 $15 Rxd2 29. Bxb3 Rxe2 30. Nxe2) 28... Rd4 (28... Nb5 $19 29. Bxb5 axb5) 29. Qf2 Rd7 30. Nf3 Qb7 31. Qe2 {[#]} (31. Bf1 $17 {is a better defense.}) 31... Nb5 (31... c4 $1 $19 {[%mdl 512]} 32. Be4 (32. Bxc4 Bxf3) 32... Rxd2 33. Nxd2 Qxb2) 32. Bxb5 axb5 33. Rxd7 Qxd7 34. Qd2 (34. h3 $17) 34... Qb7 $19 {White must now prevent ...b4.} 35. Qe3 b4 36. axb4 cxb4 ({Resist} 36... Qxb4 37. Qd2 $17) 37. Ne2 Qa8 38. Nfd4 $2 {[#]} (38. b3 {is a better chance.}) 38... Bxg2+ 39. Kg1 Bd5 40. Kf2 Bh4+ 41. Ng3 Qa1 42. Qd2 Qh1 43. Ke3 Bxg3 44. hxg3 Qe4+ 45. Kf2 Qg2+ 46. Ke1 Qxg3+ 47. Qf2 Qd3 48. Qd2 Qe4+ 49. Kf2 g5 50. fxg5 Qg2+ 51. Ke3 Qxg5+ 52. Kd3 Qxd2+ 53. Kxd2 f6 54. exf6+ Kxf6 {Black mates.} 55. Nc2 b3 56. Nd4 h5 57. Ne2 Kg5 {Accuracy: White = 30%, Black = 61%.} 0-1